Obálka Náhled e-knihy:
PDF Epub
Pro půjčování e-knih musíte být přihlášeni.
Jak si půjčit online?

Ema a její kouzelná zoo. Popletený tučňák /

Druhý díl série o holčičce Emě, která s maminkou bydlí v ZOO a rozumí řeči zvířat. Pro děti od 7 let.

Uloženo v:
Série:Ema a její kouzelná zoo, část 2
Hlavní autor: Cobb, Amelia (Autor)
Další autoři: Brožová, Eva (Autor)
Médium: E-kniha
Jazyk:Czech
Vydáno: Praha : Fragment, 2018
Vydání:1. vydání
Témata:
Příbuzné jednotky:Z cyklu:: Ema a její kouzelná zoo
Tagy:
Žádné tagy
LEADER 02573nam a2200517 i 4500
001 310866
003 CZ PrSKC
005 20260601215656.0
007 ta
008 180206s2018 xr a b 000 j cze
015 |a cnb002978728 
020 |a 9788025335710  |q (vázáno) :  |c Kč 159,00 
035 |a (OCoLC)1028228776 
035 |a (OCoLC)1011110497 
040 |a BOA001  |b cze  |e rda 
041 1 |a cze  |h eng 
072 7 |a 821.111-3  |x Anglická próza, anglicky psaná  |2 Konspekt 
072 7 |a 821-93  |x Literatura pro děti a mládež (beletrie)  |2 Konspekt 
080 |a 821.111-32  |2 MRF 
080 |a 821-93  |2 MRF 
080 |a (0:82-32)  |2 MRF 
100 1 |a Cobb, Amelia  |7 xx0217911  |4 aut 
240 1 0 |a Puzzled penguin.  |l Česky 
245 1 0 |a Ema a její kouzelná zoo.  |p Popletený tučňák /  |c Amelia Cobb ; z anglického originálu Zoe's rescue zoo - The puzzled pinguin přeložila Eva Brožová 
246 3 0 |a Popletený tučňák 
250 |a 1. vydání 
264 1 |a Praha :  |b Fragment,  |c 2018 
300 |a 118 stran :  |b ilustrace ;  |c 20 cm 
336 |a text  |b txt  |2 rdacontent 
337 |a bez média  |b n  |2 rdamedia 
338 |a svazek  |b nc  |2 rdacarrier 
520 2 |a Druhý díl série o holčičce Emě, která s maminkou bydlí v ZOO a rozumí řeči zvířat. Pro děti od 7 let. 
520 2 |a Emin strýček Horác cestuje po celém světě a zachraňuje zvířátka, která ztratila domov. Tentokrát přiveze ze své výpravy malého tučňáka. Je moc roztomilý, ale vypadá to, že je trochu zmatený. Jako kdyby nevěděl, že je tučňák. Ještě že Ema rozumí řeči zvířat a může mu s jeho zapomnětlivostí pomoci... Nakladatelská anotace. 
521 8 |a Pro čtenáře od 7 let 
655 7 |a anglické příběhy  |7 fd131813  |2 czenas 
655 7 |a publikace pro děti  |7 fd133156  |2 czenas 
655 9 |a English stories  |2 eczenas 
655 9 |a children's literature  |2 eczenas 
700 1 |a Brožová, Eva  |7 jn20010309864  |4 trl 
787 0 8 |i Z cyklu:  |t Ema a její kouzelná zoo  |g 2 
900 |a ABA001  |b 21 
928 9 |a Albatros Media - Fragment 
044 |a xr 
910 |a RBIT002 
998 |d 177442  |a https://core.palmknihy.cz/api/books/177442/cover?tfv9tk  |b https://core.palmknihy.cz/api/books/177442/cover/400?tfv9tk  |c https://core.palmknihy.cz/api/books/177442/cover/50?tfv9tk  |e 2028-08-31  |g 120  |i 9788025335710  |j https://core.palmknihy.cz/api/books/177442/preview.epub  |k https://core.palmknihy.cz/api/books/177442/preview.pdf  |l   |q 49  |r 1  |s https://www.palmknihy.cz/kniha/177442  |t ebook  |y 2018  |z 0  |v Ema a její kouzelná zoo  |w 2 
999 |d 310864